| 000 | 02368nam0a2200433 4500 | ||
|---|---|---|---|
| 001 | RU\NLR\bibl\182223 | ||
| 005 | 20250618063232.0 | ||
| 010 |
_a5-10-003516-1 _bВ пер. _95000 |
||
| 021 |
_aRU _b2001-28312 _91356 |
||
| 035 | _a(NLR Aleph) 000178884 | ||
| 090 |
_a1032387 _c1032387 |
||
| 100 | _a20010831d2001 |||y0rusy50 ca | ||
| 101 | 0 | _arus | |
| 102 | _aRU | ||
| 105 | _aa j ||||| | ||
| 200 | 1 |
_aОперативная хирургия с топографической анатомией животных _e[Учеб. для вузов по спец. "Ветеринария"] _fК. А. Петраков, П. Т. Саленко, С. М. Панинский _gПод ред. проф. К. А. Петракова |
|
| 210 |
_aМ. _cКолос _d2001 |
||
| 215 |
_a423 с. _cил. _d21 |
||
| 225 | 1 | _aУчебники и учебные пособия для студентов высших учебных заведений | |
| 320 | _aПредм. указ.: с. 415-418 | ||
| 606 | 0 |
_aОперативная хирургия ветеринарная _jРуководства, пособия и т.п. _92218074 _3RU\NLR\auth\661332049 |
|
| 606 | 0 |
_aОперативная хирургия ветеринарная _jУчебные издания для высшей школы _92218074 _3RU\NLR\auth\661332049 |
|
| 606 | 0 |
_aСельскохозяйственные животные _jРуководства, пособия и т.п. _xТопографическая анатомия _9950685 _3RU\NLR\auth\66353385 |
|
| 606 | 0 |
_aСельскохозяйственные животные _jУчебные издания для высшей школы _xТопографическая анатомия _9950685 _3RU\NLR\auth\66353385 |
|
| 610 | 0 | _aАнатомия животных | |
| 610 | 0 | _aВетеринарная хирургия | |
| 675 |
_a619:617-089(075.8) _v3 _zrus |
||
| 686 |
_a68.41 _2rugasnti |
||
| 686 |
_a48.75я73 _2rubbk |
||
| 686 | _aП875.4я73 | ||
| 700 | 1 |
_aПетраков _gКонстантин Александрович _4070 |
|
| 701 | 1 |
_aСаленко _gПавел Трофимович _4070 |
|
| 701 | 1 |
_aПанинский _gСергей Михайлович _4070 |
|
| 801 | 0 |
_aRU _bRKP _c20010831 _gPSBO |
|
| 801 | 1 |
_aRU _bRKP _c20010831 |
|
| 801 | 2 |
_aRU _bNLR _c20080423 _grcr |
|
| 942 | _cBOOK | ||
| 980 | _aNB | ||